Normal view
MARC view
- Kramer, Milton D.,
Entry Personal Name
001 - CONTROL NUMBER
- control field: 20751
003 - CONTROL NUMBER IDENTIFIER
- control field: NUST
005 - DATE AND TIME OF LATEST TRANSACTION
- control field: 20190916070637.0
008 - FIXED-LENGTH DATA ELEMENTS
- fixed length control field: 190916|| aca||aabn | a|a d
040 ## - CATALOGING SOURCE
- Original cataloging agency: NUST
- Transcribing agency: NUST
100 ## - HEADING--PERSONAL NAME
- Personal name: Kramer, Milton D.,
- Dates associated with a name: 1915-
670 ## - SOURCE DATA FOUND
- Source citation: Work cat.: (NUST)0: Eno Foundation for Highway Traffic Control. 20712, The motor-vehicle driver: his nature and improvement,, 1949.
